[Event "Lindores Abbey Tal Blitz 2021"]
[Site "Riga"]
[Date "2021.11.08"]
[Round "9.44"]
[White "Arabidze, Meri"]
[Black "Hovhannisyan, Robert"]
[Result "0-1"]
[WhiteElo "2441"]
[BlackElo "2622"]
[Annotator "ChessBase"]
[PlyCount "98"]
[EventDate "2021.11.02"]
[EventType "swiss"]
[EventCountry "LAT"]
[SourceTitle "playchess.com"]
[Source "ChessBase"]
[SourceQuality "1"]

1. d4 Nf6 2. c4 e6 3. Nf3 Bb4+ 4. Bd2 Qe7 5. g3 Bxd2+ 6. Qxd2 Nc6 7. Bg2 Ne4 8.
Qc2 Qb4+ 9. Kf1 Nf6 10. a3 Qe7 11. Nc3 d6 12. Rd1 O-O 13. h3 e5 14. d5 Nb8 15.
e4 a5 16. Kg1 Na6 17. Kh2 Bd7 18. Ne1 Nc5 19. b3 c6 20. Nd3 Nxd3 21. Qxd3 Rfd8
22. dxc6 Bxc6 23. Rd2 h5 24. Rhd1 h4 25. g4 Nh7 26. b4 axb4 27. axb4 b6 28. Qe3
Qc7 29. c5 dxc5 30. bxc5 bxc5 31. Qxc5 Rxd2 32. Rxd2 Rc8 33. Nd5 Bxd5 34. Qxc7
Rxc7 35. exd5 Rd7 36. Re2 f6 37. Ra2 Ng5 38. Ra8+ Kh7 39. Kg1 e4 40. Re8 g6 41.
Kh2 f5 42. Re5 Kg7 43. gxf5 Kf6 44. Re6+ Nxe6 45. dxe6 Re7 46. fxg6 Rxe6 47.
Kg1 Kxg6 48. Kf1 Kg5 49. Ke2 Kf4 0-1

[Event "Lindores Abbey Tal Blitz 2021"]
[Site "Riga"]
[Date "2021.11.08"]
[Round "9.45"]
[White "Divya Deshmukh"]
[Black "Rakhmanov, Aleksandr"]
[Result "0-1"]
[WhiteElo "2310"]
[BlackElo "2650"]
[Annotator "ChessBase"]
[PlyCount "61"]
[EventDate "2021.11.02"]
[EventType "swiss"]
[EventCountry "LAT"]
[SourceTitle "playchess.com"]
[Source "ChessBase"]
[SourceQuality "1"]

1. e4 c5 2. Nf3 Nf6 3. Nc3 d5 4. exd5 Nxd5 5. Bb5+ Bd7 6. Bxd7+ Qxd7 7. O-O Nc6
8. Qe2 e6 9. Ne5 Nxe5 10. Qxe5 Nb4 11. Qe4 f5 12. Qc4 Nxc2 13. Rb1 Nd4 14. a4
Be7 15. Re1 Kf7 16. d3 b6 17. Bf4 Bf6 18. Be5 Rac8 19. Nb5 Nxb5 20. axb5 Rhe8
21. Ra1 Re7 22. Ra3 Rd8 23. Bxf6 Kxf6 24. Qh4+ Kg6 25. d4 h6 26. dxc5 bxc5 27.
Rf3 Kh7 28. Qh5 Qd2 29. Rg3 Kh8 30. Qg6 Qxb2 31. Rge3 0-1

[Event "Lindores Abbey Tal Blitz 2021"]
[Site "Riga"]
[Date "2021.11.08"]
[Round "9.46"]
[White "Donchenko, Alexander"]
[Black "Rakotomaharo, Fy Antenaina"]
[Result "0-1"]
[WhiteElo "2645"]
[BlackElo "2487"]
[Annotator "ChessBase"]
[PlyCount "126"]
[EventDate "2021.11.02"]
[EventType "swiss"]
[EventCountry "LAT"]
[SourceTitle "playchess.com"]
[Source "ChessBase"]
[SourceQuality "1"]

1. e4 e5 2. Nf3 Nc6 3. Bc4 Bc5 4. d3 Nf6 5. O-O d6 6. c3 a5 7. Nbd2 O-O 8. h3
Ba7 9. Re1 Ne7 10. d4 Ng6 11. Nf1 c6 12. Bb3 b5 13. a4 b4 14. Ng3 bxc3 15. bxc3
Rb8 16. Be3 Qc7 17. Rb1 Bd7 18. Qd3 h6 19. Qa6 Bc8 20. Qe2 Bd7 21. dxe5 dxe5
22. Nf5 Bxe3 23. Qxe3 Nf4 24. N3h4 Rfd8 25. Kh2 Bxf5 26. Nxf5 Rd3 27. Qc5 Rbd8
28. g3 Ne6 29. Bxe6 fxe6 30. Ne7+ Kh7 31. Re2 R3d7 32. Nxc6 Rc8 33. Rb6 Rd6 34.
Qxe5 Rxc6 35. Rxc6 Qxc6 36. Qxa5 Qxc3 37. Qa6 Rb8 38. Qxe6 Qf3 39. Qf5+ Qxf5
40. exf5 Ra8 41. Ra2 Ra5 42. g4 Nd5 43. Kg3 Nb6 44. h4 Rxa4 45. Rxa4 Nxa4 46.
g5 h5 47. Kf4 Nc5 48. Ke3 Kg8 49. Kd4 Nd7 50. Kd5 Kf7 51. f4 Nb6+ 52. Kd4 Nc8
53. Ke5 Ne7 54. Ke4 g6 55. fxg6+ Kxg6 56. Kf3 Nf5 57. Kg2 Nxh4+ 58. Kh3 Nf5 59.
Kg2 Kf7 60. Kf3 Ke6 61. Ke4 Ng7 62. g6 Kf6 63. f5 Nxf5 0-1

[Event "Lindores Abbey Tal Blitz 2021"]
[Site "Riga"]
[Date "2021.11.08"]
[Round "9.47"]
[White "Buksa, Nataliya"]
[Black "Sethuraman, S.P.."]
[Result "0-1"]
[WhiteElo "2410"]
[BlackElo "2620"]
[Annotator "ChessBase"]
[PlyCount "86"]
[EventDate "2021.11.02"]
[EventType "swiss"]
[EventCountry "LAT"]
[SourceTitle "playchess.com"]
[Source "ChessBase"]
[SourceQuality "1"]

1. d4 d6 2. Nc3 g6 3. e4 Bg7 4. f4 a6 5. Nf3 Nd7 6. Bd3 b5 7. O-O c5 8. Be3 Bb7
9. e5 cxd4 10. Bxd4 Nc5 11. Kh1 Nh6 12. exd6 Bxf3 13. Qxf3 Bxd4 14. dxe7 Qc8
15. Rae1 Bxc3 16. bxc3 Nxd3 17. cxd3 Ra7 18. Qd5 Nf5 19. Qe5 Rg8 20. c4 Rxe7
21. Qf6 Re6 22. Qb2 bxc4 23. dxc4 Kf8 24. Rc1 f6 25. c5 Kg7 26. c6 Rxc6 27. Rb1
Re8 28. Qa3 Rc2 29. Rbc1 Ree2 30. Rxc2 Rxc2 31. Rd1 Qc6 32. Qh3 h5 33. Rg1 Rxa2
34. Qb3 Rc2 35. Qb4 h4 36. h3 Qc7 37. Kh2 a5 38. Qa4 Rc4 39. Qd1 Qxf4+ 40. Kh1
Ng3+ 41. Kh2 Ne4+ 42. g3 hxg3+ 43. Kh1 Nf2+ 0-1

[Event "Lindores Abbey Tal Blitz 2021"]
[Site "Riga"]
[Date "2021.11.08"]
[Round "9.48"]
[White "Girya, Olga"]
[Black "Shuvalova, Polina"]
[Result "1/2-1/2"]
[WhiteElo "2402"]
[BlackElo "2515"]
[Annotator "ChessBase"]
[PlyCount "79"]
[EventDate "2021.11.02"]
[EventType "swiss"]
[EventCountry "LAT"]
[SourceTitle "playchess.com"]
[Source "ChessBase"]
[SourceQuality "1"]

1. d4 Nf6 2. c4 e6 3. Nf3 d5 4. g3 Bb4+ 5. Bd2 Be7 6. Bg2 c6 7. O-O Nbd7 8. Qc2
b6 9. Bf4 Bb7 10. Nbd2 Nh5 11. cxd5 Nxf4 12. dxc6 Rc8 13. cxd7+ Qxd7 14. Qd1
Nxg2 15. Kxg2 Qxd4 16. Kg1 Qd5 17. Qa4+ Qd7 18. Qxa7 Bc5 19. Ne5 Qd5 20. e4
Qxd2 21. Qxb7 O-O 22. Nd7 Rfd8 23. Nxc5 bxc5 24. a4 h5 25. h4 Rb8 26. Qe7 c4
27. a5 Rxb2 28. a6 Rbb8 29. a7 Ra8 30. Rfc1 c3 31. Qc5 Rdc8 32. Qxh5 Rxa7 33.
Rxa7 Qxc1+ 34. Kg2 Rf8 35. Rc7 Qd2 36. Qc5 Qd3 37. Qc4 Qb1 38. Qxc3 Qxe4+ 39.
Qf3 Qxf3+ 40. Kxf3 1/2-1/2

[Event "Lindores Abbey Tal Blitz 2021"]
[Site "Riga"]
[Date "2021.11.08"]
[Round "9.49"]
[White "Assaubayeva, Bibisara"]
[Black "Lujan, Carolina"]
[Result "0-1"]
[WhiteElo "2400"]
[BlackElo "2340"]
[Annotator "NA"]
[PlyCount "80"]
[EventDate "2021.11.02"]
[EventType "swiss"]
[EventCountry "LAT"]
[SourceTitle "playchess.com"]
[Source "ChessBase"]
[SourceQuality "1"]

1. d4 Nf6 2. c4 g6 3. Nc3 d5 4. cxd5 Nxd5 5. e4 Nxc3 6. bxc3 Bg7 7. Nf3 c5 8.
Be3 O-O 9. Qd2 Qa5 10. Rc1 Nc6 11. d5 Rd8 12. Be2 Bg4 13. O-O e6 14. Bg5 f6 15.
Be3 Kh8 16. Rfd1 Rac8 17. Qb2 Bxf3 18. gxf3 exd5 19. exd5 Ne7 20. Qxb7 Rc7 21.
Qb3 Rcd7 22. c4 Nf5 23. Bd3 Nh4 24. f4 Qc7 25. Kh1 Re8 26. Rb1 f5 27. Qb5 Rc8
28. Qc6 Qd8 29. Qa6 h6 30. Rb7 Rxd5 31. Qa3 Rd7 32. Rxd7 Qxd7 33. Be2 Qc6+ 34.
f3 Re8 35. Kg1 Nxf3+ 36. Kf2 Nd4 37. Qxa7 Qe4 38. Qa3 Nc2 39. Qd3 Nxe3 40. Qxe4
Nxd1+ 0-1

[Event "Lindores Abbey Tal Blitz 2021"]
[Site "Riga"]
[Date "2021.11.08"]
[Round "9.50"]
[White "Batsiashvili, Nino"]
[Black "Badelka, Olga"]
[Result "1/2-1/2"]
[WhiteElo "2491"]
[BlackElo "2438"]
[Annotator "ChessBase"]
[PlyCount "80"]
[EventDate "2021.11.02"]
[EventType "swiss"]
[EventCountry "LAT"]
[SourceTitle "playchess.com"]
[Source "ChessBase"]
[SourceQuality "1"]

1. d4 d5 2. c4 dxc4 3. Nf3 Nf6 4. e3 e6 5. Bxc4 a6 6. O-O c5 7. e4 b5 8. Be2
Bb7 9. a4 b4 10. e5 Nfd7 11. Nbd2 Be7 12. a5 Nc6 13. Nc4 cxd4 14. Bf4 O-O 15.
Nxd4 Nxd4 16. Qxd4 Nc5 17. Nd6 Nb3 18. Qxb4 Bd5 19. Ra3 Rb8 20. Qc3 f6 21. Qg3
fxe5 22. Bxe5 Bf6 23. Bxa6 Bxe5 24. Qxe5 Nxa5 25. Bd3 g6 26. Ne4 Nc6 27. Qg3
Rb4 28. Ng5 Qf6 29. Rc3 Rxb2 30. Ba6 Ne7 31. Nf3 Nf5 32. Qe5 Qxe5 33. Nxe5 Rb6
34. Bd3 Rd8 35. Rc7 Rb7 36. Rfc1 Rxc7 37. Rxc7 Be4 38. Rc3 Bxd3 39. Rxd3 Rxd3
40. Nxd3 Kf7 1/2-1/2

[Event "Lindores Abbey Tal Blitz 2021"]
[Site "Riga"]
[Date "2021.11.08"]
[Round "9.51"]
[White "Maltsevskaya, Aleksandra"]
[Black "Firat, Burak"]
[Result "0-1"]
[WhiteElo "2411"]
[BlackElo "2480"]
[Annotator "ChessBase"]
[PlyCount "76"]
[EventDate "2021.11.02"]
[EventType "swiss"]
[EventCountry "LAT"]
[SourceTitle "playchess.com"]
[Source "ChessBase"]
[SourceQuality "1"]

1. e4 d6 2. d4 Nf6 3. Bd3 e5 4. Nf3 Nbd7 5. O-O Be7 6. c3 O-O 7. a4 Re8 8. Re1
Bf8 9. a5 c6 10. Qb3 d5 11. Bg5 exd4 12. e5 h6 13. Bxf6 gxf6 14. cxd4 Bg7 15.
a6 bxa6 16. e6 fxe6 17. Qc2 e5 18. Qxc6 Nb6 19. dxe5 fxe5 20. Bg6 Re6 21. Qc2
e4 22. Bf5 Re8 23. Nfd2 Bxf5 24. Nc3 Qf6 25. Qb3 Qf7 26. Ne2 Nc4 27. Nxc4 dxc4
28. Qg3 Kh8 29. Rxa6 Rab8 30. Qe3 Rb3 31. Qc5 Rxb2 32. Ng3 Bc8 33. Rxa7 Qxf2+
34. Qxf2 Rxf2 35. Kxf2 Bd4+ 36. Kf1 Bxa7 37. Nxe4 c3 38. Nxc3 Ba6+ 0-1

[Event "Lindores Abbey Tal Blitz 2021"]
[Site "Riga"]
[Date "2021.11.08"]
[Round "9.52"]
[White "Harika, Dronavalli"]
[Black "Budisavljevic, Luka"]
[Result "1-0"]
[WhiteElo "2511"]
[BlackElo "2511"]
[Annotator "ChessBase"]
[PlyCount "74"]
[EventDate "2021.11.02"]
[EventType "swiss"]
[EventCountry "LAT"]
[SourceTitle "playchess.com"]
[Source "ChessBase"]
[SourceQuality "1"]

1. e4 c5 2. c3 d5 3. exd5 Qxd5 4. d4 Nf6 5. Nf3 e6 6. Na3 Nc6 7. Be2 Be7 8. Nb5
Qd8 9. dxc5 Bxc5 10. Qxd8+ Kxd8 11. Bf4 Nd5 12. Rd1 Ke7 13. Bg3 a6 14. Nbd4
Nxd4 15. Nxd4 Bd7 16. Bf3 Ba4 17. Nb3 Bxb3 18. axb3 Rhd8 19. Ke2 Ra7 20. b4 Bb6
21. Rhe1 a5 22. Kf1 Kf8 23. c4 Nxb4 24. Bd6+ Ke8 25. c5 Rxd6 26. cxd6 Kd7 27.
Be2 Nc6 28. Bb5 Ra8 29. Rd3 Bc5 30. Red1 a4 31. Rf3 f6 32. Rg3 Rg8 33. Bxa4 g5
34. Rb3 Rb8 35. Rc1 Kxd6 36. Bxc6 Kxc6 37. Rbc3 Kd5 1-0

[Event "Lindores Abbey Tal Blitz 2021"]
[Site "Riga"]
[Date "2021.11.08"]
[Round "9.53"]
[White "Miezis, Normunds"]
[Black "Melia, Salome"]
[Result "1-0"]
[WhiteElo "2446"]
[BlackElo "2371"]
[Annotator "NA"]
[PlyCount "79"]
[EventDate "2021.11.02"]
[EventType "swiss"]
[EventCountry "LAT"]
[SourceTitle "playchess.com"]
[Source "ChessBase"]
[SourceQuality "1"]

1. c4 c5 2. Nc3 Nc6 3. g3 g6 4. Bg2 Bg7 5. d3 e6 6. e4 Nge7 7. Nge2 O-O 8. O-O
d6 9. Be3 Nd4 10. Qd2 Rb8 11. Rab1 b6 12. b4 Bb7 13. Bh6 Nxe2+ 14. Nxe2 Nc6 15.
Bxg7 Kxg7 16. b5 Nd4 17. f4 Nxe2+ 18. Qxe2 f5 19. Rbe1 Rf7 20. exf5 exf5 21.
Bd5 Bxd5 22. cxd5 Qf6 23. Qe6 Qd4+ 24. Kg2 Qxd3 25. Qxd6 Rbf8 26. Re7 c4 27.
Qe5+ Kg8 28. d6 c3 29. Rf3 Qd2+ 30. Rf2 Qd3 31. Rc7 Rxc7 32. dxc7 Qc4 33. Rc2
Rc8 34. Rxc3 Qxa2+ 35. Kh3 Qf7 36. Rc6 g5 37. fxg5 Qh5+ 38. Kg2 Qf7 39. h4 Re8
40. Qxe8+ 1-0

[Event "Lindores Abbey Tal Blitz 2021"]
[Site "Riga"]
[Date "2021.11.08"]
[Round "9.54"]
[White "Dzagnidze, Nana"]
[Black "Golsta, Madara"]
[Result "1-0"]
[WhiteElo "2524"]
[BlackElo "2003"]
[Annotator "ChessBase"]
[PlyCount "65"]
[EventDate "2021.11.02"]
[EventType "swiss"]
[EventCountry "LAT"]
[SourceTitle "playchess.com"]
[Source "ChessBase"]
[SourceQuality "1"]

1. d4 Nf6 2. c4 g6 3. Nf3 Bg7 4. g3 c5 5. Bg2 O-O 6. O-O cxd4 7. Nxd4 Nc6 8.
Nc3 d6 9. Nc2 Be6 10. b3 Qd7 11. Re1 Rac8 12. Bb2 h5 13. Nd5 Bxd5 14. cxd5 Na5
15. Nd4 h4 16. Qd2 b6 17. Rac1 hxg3 18. hxg3 Qg4 19. Rxc8 Rxc8 20. Rc1 Re8 21.
Rc7 Qh5 22. Nc6 Bh6 23. e3 Nxc6 24. dxc6 Ng4 25. Qd4 Ne5 26. Rxa7 Bg7 27. Qd2
Qf5 28. c7 Rc8 29. Rb7 Qb1+ 30. Qc1 Qf5 31. Rb8 Qd7 32. Rxc8+ Qxc8 33. Bb7 1-0

[Event "Lindores Abbey Tal Blitz 2021"]
[Site "Riga"]
[Date "2021.11.08"]
[Round "9.55"]
[White "Socko, Monika"]
[Black "Sukandar, Irine Kharisma"]
[Result "1-0"]
[WhiteElo "2393"]
[BlackElo "2406"]
[Annotator "NA"]
[PlyCount "89"]
[EventDate "2021.11.02"]
[EventType "swiss"]
[EventCountry "LAT"]
[SourceTitle "playchess.com"]
[Source "ChessBase"]
[SourceQuality "1"]

1. d4 Nf6 2. c4 c5 3. d5 b5 4. cxb5 a6 5. e3 e6 6. Nc3 Bb7 7. dxe6 fxe6 8. Nf3
d5 9. bxa6 Nxa6 10. Bb5+ Kf7 11. Ng5+ Ke7 12. O-O Nc7 13. Bd3 h6 14. Nf3 g5 15.
Ne5 Rg8 16. b3 Bg7 17. Bb2 Nd7 18. Ng6+ Ke8 19. a4 Ba6 20. f4 gxf4 21. Nxf4 Qg5
22. Bxa6 Rxa6 23. Qe2 Rb6 24. Nb5 Nxb5 25. axb5 Bxb2 26. Qxb2 Rxb5 27. Nxe6
Qxe3+ 28. Kh1 Rxb3 29. Nc7+ Kd8 30. Nxd5 Rxb2 31. Nxe3 Rg5 32. Rad1 Re2 33. Rf3
Re5 34. Rf7 R2xe3 35. Rdxd7+ Ke8 36. h3 Re7 37. Rfxe7+ Rxe7 38. Rd3 c4 39. Rc3
Re4 40. g4 Ke7 41. Kg2 Ke6 42. Kf3 Kd5 43. h4 Kd4 44. Rxc4+ Kxc4 45. Kxe4 1-0

[Event "Lindores Abbey Tal Blitz 2021"]
[Site "Riga"]
[Date "2021.11.08"]
[Round "9.56"]
[White "Rogule, Laura"]
[Black "Zhu, Jiner"]
[Result "0-1"]
[WhiteElo "2289"]
[BlackElo "2455"]
[Annotator "ChessBase"]
[PlyCount "82"]
[EventDate "2021.11.02"]
[EventType "swiss"]
[EventCountry "LAT"]
[SourceTitle "playchess.com"]
[Source "ChessBase"]
[SourceQuality "1"]

1. c4 Nf6 2. Nf3 e6 3. g3 d5 4. d4 Bb4+ 5. Bd2 Be7 6. Bg2 O-O 7. O-O c6 8. Qc2
b6 9. Nc3 Ba6 10. cxd5 cxd5 11. Rfc1 Nc6 12. Bf4 Rc8 13. a3 Bb7 14. b4 Qd7 15.
Qd3 Ne8 16. e4 dxe4 17. Nxe4 Nf6 18. Nfg5 Nxe4 19. Bxe4 f5 20. Bg2 h6 21. Nf3
Bf6 22. Qb3 Ne7 23. Re1 Nd5 24. Be5 Rc3 25. Qb2 Rfc8 26. Rad1 Rc2 27. Qb3 R8c3
28. Qb1 Qc8 29. Bxf6 Nxf6 30. Ne5 Bxg2 31. Kxg2 Rxa3 32. b5 Raa2 33. Rf1 Qb7+
34. Nc6 Ne4 35. Qb3 Rxf2+ 36. Rxf2 Rxf2+ 37. Kg1 Qf7 38. Ra1 Qh5 39. Qxe6+ Kh7
40. h4 Qg4 41. Ra3 Qd1# 0-1

[Event "Lindores Abbey Tal Blitz 2021"]
[Site "Riga"]
[Date "2021.11.08"]
[Round "9.57"]
[White "Garifullina, Leya"]
[Black "Atalik, Ekaterina"]
[Result "1-0"]
[WhiteElo "2416"]
[BlackElo "2430"]
[Annotator "NA"]
[PlyCount "141"]
[EventDate "2021.11.02"]
[EventType "swiss"]
[EventCountry "LAT"]
[SourceTitle "playchess.com"]
[Source "ChessBase"]
[SourceQuality "1"]

1. e4 c6 2. d4 d5 3. e5 c5 4. dxc5 e6 5. Nf3 Bxc5 6. a3 Nc6 7. b4 Bb6 8. Bb2
Nge7 9. Bd3 Ng6 10. O-O O-O 11. Re1 Bc7 12. Nbd2 b6 13. c4 Nce7 14. Ng5 h6 15.
Ngf3 Bb7 16. cxd5 Nxd5 17. Bf1 Qe7 18. g3 Rfd8 19. Bg2 Rac8 20. Qb3 Bb8 21.
Rac1 Rxc1 22. Rxc1 Rc8 23. Rxc8+ Bxc8 24. h4 Bb7 25. h5 Nf8 26. Qd3 Qd7 27. Ne1
Qa4 28. Ne4 Nd7 29. f4 Qa6 30. Qd2 Qc4 31. Qd3 Qxd3 32. Nxd3 Ba6 33. Ndf2 Bc7
34. Bf1 Bb7 35. Bb5 Nb8 36. Nd6 Bc6 37. Bxc6 Nxc6 38. Nde4 b5 39. Kf1 Bb6 40.
Ke2 a5 41. bxa5 Nxa5 42. Nd6 Nc4 43. Nxc4 bxc4 44. Nd1 Ba5 45. Bd4 Kf8 46. Ne3
Nxe3 47. Kxe3 Ke8 48. Bc5 Be1 49. g4 c3 50. Kd3 Bd2 51. Be3 Be1 52. a4 Kd7 53.
a5 Kc6 54. a6 Kc7 55. Ke2 Bg3 56. Bc1 Kb6 57. Kd3 Be1 58. Ba3 Bd2 59. Bf8 Bxf4
60. Bxg7 Kxa6 61. Kxc3 Kb5 62. Kd3 Kc5 63. Ke4 Bg5 64. Bf8+ Kc4 65. Bd6 Kc3 66.
Bc5 Kd2 67. Bf8 Ke2 68. Bg7 Kf2 69. Bf6 Bc1 70. g5 Kg3 71. g6 1-0

[Event "Lindores Abbey Tal Blitz 2021"]
[Site "Riga"]
[Date "2021.11.08"]
[Round "9.58"]
[White "Bivol, Alina"]
[Black "Arakhamia-Grant, Ketevan"]
[Result "1-0"]
[WhiteElo "2377"]
[BlackElo "2362"]
[Annotator "NA"]
[PlyCount "96"]
[EventDate "2021.11.02"]
[EventType "swiss"]
[EventCountry "LAT"]
[SourceTitle "playchess.com"]
[Source "ChessBase"]
[SourceQuality "1"]

1. e4 c5 2. Nf3 Nc6 3. Bb5 g6 4. O-O Bg7 5. c3 Nf6 6. Re1 O-O 7. d4 cxd4 8.
cxd4 d5 9. e5 Ne4 10. Nc3 Nxc3 11. bxc3 Bd7 12. Bf1 Na5 13. Nd2 Rc8 14. Qf3 e6
15. Ba3 Re8 16. Bb4 Bh6 17. Red1 Ba4 18. Nb3 Nxb3 19. axb3 Bxb3 20. Rdb1 Bc2
21. Rb2 Be4 22. Qh3 Qg5 23. Rxa7 Ra8 24. Rba2 Rxa7 25. Rxa7 Bf8 26. Bxf8 Rxf8
27. Qe3 Qxe3 28. fxe3 Rc8 29. Ra3 Kg7 30. Kf2 h5 31. Bb5 g5 32. h3 h4 33. g3
Rh8 34. g4 Rc8 35. Bf1 Rc6 36. Rb3 b6 37. Ke1 Kf8 38. Kd2 Ke7 39. Ra3 Rc7 40.
Ra6 Rb7 41. Ra8 Bf3 42. Kc1 b5 43. Ra2 b4 44. c4 dxc4 45. Ra4 c3 46. Kc2 Be4+
47. Kb3 Bd5+ 48. Kc2 b3+ 1-0

[Event "Lindores Abbey Tal Blitz 2021"]
[Site "Riga"]
[Date "2021.11.08"]
[Round "9.59"]
[White "Zawadzka, Jolanta"]
[Black "Eizaguerri Floris, Maria"]
[Result "0-1"]
[WhiteElo "2429"]
[BlackElo "2328"]
[Annotator "NA"]
[PlyCount "90"]
[EventDate "2021.11.02"]
[EventType "swiss"]
[EventCountry "LAT"]
[SourceTitle "playchess.com"]
[Source "ChessBase"]
[SourceQuality "1"]

1. e4 c5 2. Nf3 e6 3. c4 Nc6 4. d4 cxd4 5. Nxd4 Nf6 6. Nc3 Bb4 7. Nxc6 bxc6 8.
Bd3 d5 9. cxd5 Bxc3+ 10. bxc3 cxd5 11. exd5 Qxd5 12. O-O O-O 13. c4 Qc6 14. Qc2
Bb7 15. f3 Rad8 16. Kh1 Qc5 17. Rb1 Bc6 18. Bb2 e5 19. Qc3 Rfe8 20. Rfd1 Nh5
21. Ba3 Qf2 22. Rb2 Qh4 23. Kg1 Nf4 24. Rbd2 Qg5 25. Qc2 g6 26. Kh1 h5 27. Bf1
Rxd2 28. Qxd2 Qf6 29. Bb2 Ne6 30. Qe3 Nf4 31. Qxa7 Ra8 32. Qe3 Re8 33. c5 Nd5
34. Qf2 Qf4 35. Bd3 Nb4 36. Bb1 e4 37. Qd4 f6 38. Qxb4 Qg5 39. Qc4+ Kh7 40. Qc1
e3 41. Re1 Qf4 42. Qc2 Rg8 43. Qd3 Bxf3 44. Qf1 Qb4 45. Qxf3 Qxe1+ 0-1

[Event "Lindores Abbey Tal Blitz 2021"]
[Site "Riga"]
[Date "2021.11.08"]
[Round "9.60"]
[White "Vantika Agrawal"]
[Black "Martynov, Aleksandr"]
[Result "1-0"]
[WhiteElo "2329"]
[BlackElo "1648"]
[Annotator "NA"]
[PlyCount "73"]
[EventDate "2021.11.02"]
[EventType "swiss"]
[EventCountry "LAT"]
[SourceTitle "playchess.com"]
[Source "ChessBase"]
[SourceQuality "1"]

1. d4 Nf6 2. c4 e6 3. g3 c5 4. d5 exd5 5. cxd5 d6 6. Nc3 Be7 7. Nf3 O-O 8. Bg2
a6 9. a4 Bd7 10. O-O Re8 11. e4 Bf8 12. Nd2 Ra7 13. Nc4 Qc7 14. a5 Bb5 15. b3
Nbd7 16. Re1 b6 17. axb6 Nxb6 18. Na5 c4 19. Be3 Nfd7 20. bxc4 Bxc4 21. Na4 Bb5
22. Nxb6 Nxb6 23. Qd4 Nc8 24. Rec1 Qd8 25. Rxc8 Qxc8 26. Qxa7 Qc3 27. Qd4 Rc8
28. Qxc3 Rxc3 29. Bf1 g6 30. Bxb5 axb5 31. Rb1 Ra3 32. Rxb5 h5 33. h4 Bg7 34.
Nc4 Ra1+ 35. Kg2 Bf8 36. Rb8 Kg7 37. Bd4+ 1-0

[Event "Lindores Abbey Tal Blitz 2021"]
[Site "Riga"]
[Date "2021.11.08"]
[Round "10.2"]
[White "Svidler, Peter"]
[Black "Caruana, Fabiano"]
[Result "1/2-1/2"]
[WhiteElo "2694"]
[BlackElo "2791"]
[Annotator "TA"]
[PlyCount "51"]
[EventDate "2021.11.02"]
[EventType "swiss"]
[EventCountry "LAT"]
[SourceTitle "playchess.com"]
[Source "ChessBase"]
[SourceQuality "1"]

1. c4 e5 2. g3 Be7 3. Nc3 d6 4. Nf3 f5 5. d4 e4 6. Ng1 Nf6 7. Bg5 O-O 8. e3 c6
9. Nge2 Na6 10. Nf4 Nc7 11. Qb3 Rb8 12. h4 Ne6 13. c5 d5 14. Nxe6 Bxe6 15. Bf4
b5 16. Bxb8 Qxb8 17. Ne2 a5 18. Nf4 Bf7 19. Be2 g6 20. Qc3 Qc7 21. O-O-O Ra8
22. Kb1 Qd7 23. Rdg1 h5 24. Rc1 Bd8 25. Qd2 Kg7 26. Rc2 1/2-1/2

[Event "Lindores Abbey Tal Blitz 2021"]
[Site "Riga"]
[Date "2021.11.08"]
[Round "10.3"]
[White "Grandelius, Nils"]
[Black "Xiong, Jeffery"]
[Result "1/2-1/2"]
[WhiteElo "2669"]
[BlackElo "2687"]
[Annotator "ChessBase"]
[PlyCount "63"]
[EventDate "2021.11.02"]
[EventType "swiss"]
[EventCountry "LAT"]
[SourceTitle "playchess.com"]
[Source "ChessBase"]
[SourceQuality "1"]

1. Nf3 d5 2. g3 Nd7 3. d4 b5 4. Nc3 c6 5. a3 Ngf6 6. Bg2 Bb7 7. O-O e6 8. e4
Nxe4 9. Nxe4 dxe4 10. Ng5 c5 11. Nxe4 Qc8 12. Bf4 Be7 13. dxc5 Nxc5 14. Nd6+
Bxd6 15. Qxd6 Bxg2 16. Kxg2 Nb7 17. Qd3 Qc6+ 18. Qf3 Rc8 19. Rfc1 Ke7 20. a4 b4
21. a5 Nc5 22. Bd2 Na6 23. b3 Rhd8 24. Be3 Qxf3+ 25. Kxf3 Rc3 26. Ke2 Rc7 27.
Ra2 Nc5 28. Rd1 Ne4 29. Rxd8 Kxd8 30. Kd3 Nc3 31. Ra1 Nd5 32. Bd2 1/2-1/2

[Event "Lindores Abbey Tal Blitz 2021"]
[Site "Riga"]
[Date "2021.11.08"]
[Round "10.5"]
[White "Deac, Bogdan-Daniel"]
[Black "Mamedov, Rauf"]
[Result "1-0"]
[WhiteElo "2651"]
[BlackElo "2673"]
[Annotator "ChessBase"]
[PlyCount "81"]
[EventDate "2021.11.02"]
[EventType "swiss"]
[EventCountry "LAT"]
[SourceTitle "playchess.com"]
[Source "ChessBase"]
[SourceQuality "1"]

1. d4 Nf6 2. Nf3 g6 3. Nbd2 Bg7 4. e4 d6 5. Bd3 O-O 6. O-O c5 7. c3 cxd4 8.
cxd4 Nc6 9. h3 Nh5 10. Nb3 a5 11. Be3 a4 12. Nbd2 e5 13. d5 Nd4 14. Re1 Bd7 15.
Nc4 Bb5 16. Rc1 Rc8 17. Bf1 Qf6 18. Ncxe5 dxe5 19. Bxd4 exd4 20. Rxc8 Rxc8 21.
Bxb5 Qb6 22. Bxa4 Nf4 23. Qd2 Bh6 24. Qxd4 Qa5 25. Qd1 Nd3 26. Qxd3 Qxa4 27. a3
Rd8 28. e5 Qa5 29. d6 Bg7 30. Re2 Qc5 31. g3 h5 32. b4 Qc6 33. h4 Bh6 34. Kg2
Bg7 35. Qe4 Qd7 36. Qd5 Re8 37. Re4 b5 38. Ng5 Bh6 39. e6 fxe6 40. Nxe6 Kh8 41.
Nc5 1-0

[Event "Lindores Abbey Tal Blitz 2021"]
[Site "Riga"]
[Date "2021.11.08"]
[Round "10.6"]
[White "Onyshchuk, Volodymyr"]
[Black "Howell, David W L"]
[Result "1-0"]
[WhiteElo "2622"]
[BlackElo "2648"]
[Annotator "ChessBase"]
[PlyCount "119"]
[EventDate "2021.11.02"]
[EventType "swiss"]
[EventCountry "LAT"]
[SourceTitle "playchess.com"]
[Source "ChessBase"]
[SourceQuality "1"]

1. e4 g6 2. d4 Bg7 3. Nc3 c6 4. f4 d5 5. e5 Nh6 6. Nf3 O-O 7. Bd3 Bg4 8. h3
Bxf3 9. Qxf3 f6 10. exf6 exf6 11. f5 Re8+ 12. Ne2 Nxf5 13. Bxf5 gxf5 14. O-O
Nd7 15. Ng3 Nf8 16. Nxf5 Re4 17. Bh6 Bxh6 18. Nxh6+ Kg7 19. Nf5+ Kh8 20. Rae1
Rxe1 21. Rxe1 Ng6 22. Re6 Qf8 23. Nd6 f5 24. Qh5 Rd8 25. Qxf5 Qxf5 26. Nxf5 Kg8
27. g4 Kf7 28. Re3 Kf6 29. Kf2 h5 30. Kg3 hxg4 31. hxg4 Rg8 32. Re1 a5 33. a4
Rh8 34. b3 Rg8 35. c4 dxc4 36. bxc4 Rd8 37. Rh1 Rd7 38. Re1 Rd8 39. Re2 Rd7 40.
Re8 Kf7 41. Rb8 Kf6 42. Kf3 Kg5 43. Rg8 Kf6 44. Ke4 Ne7 45. Rf8+ Kg6 46. Re8
Nxf5 47. gxf5+ Kf7 48. Re6 Rd8 49. d5 cxd5+ 50. cxd5 Rc8 51. Ke5 Rc4 52. Rb6
Rxa4 53. Rxb7+ Ke8 54. f6 Ra1 55. f7+ Kf8 56. d6 a4 57. Rb8+ Kxf7 58. d7 Re1+
59. Kf4 Rf1+ 60. Kg3 1-0

[Event "Lindores Abbey Tal Blitz 2021"]
[Site "Riga"]
[Date "2021.11.08"]
[Round "10.7"]
[White "Dubov, Daniil"]
[Black "Bartel, Mateusz"]
[Result "1-0"]
[WhiteElo "2714"]
[BlackElo "2619"]
[Annotator "TA"]
[PlyCount "87"]
[EventDate "2021.11.02"]
[EventType "swiss"]
[EventCountry "LAT"]
[SourceTitle "playchess.com"]
[Source "ChessBase"]
[SourceQuality "1"]

1. d4 d5 2. c4 e6 3. Nf3 Nd7 4. g3 dxc4 5. Bg2 Rb8 6. a4 b6 7. O-O Bb7 8. Nbd2
Ngf6 9. Nxc4 Be7 10. Bg5 O-O 11. Rc1 Rc8 12. Bxf6 Nxf6 13. Nfe5 Bxg2 14. Kxg2
c5 15. dxc5 Bxc5 16. Qxd8 Rfxd8 17. Rfd1 Rxd1 18. Rxd1 Kf8 19. Nd7+ Ke7 20.
Nxf6 gxf6 21. b3 f5 22. f4 f6 23. Kf3 h5 24. e4 fxe4+ 25. Kxe4 a6 26. f5 Rg8
27. fxe6 Rg4+ 28. Kd5 Bf2 29. Rf1 Rg5+ 30. Kc6 Bd4 31. Rd1 Bf2 32. Nxb6 Rc5+
33. Kb7 Rc2 34. Nd5+ Kxe6 35. Kxa6 Ke5 36. b4 Bd4 37. Nb6 Rxh2 38. a5 Rg2 39.
Nc4+ Ke4 40. b5 Rxg3 41. Nd6+ Ke5 42. Rxd4 f5 43. b6 Rg6 44. Nxf5 1-0